| Tag |
First Indicator |
Second Indicator |
Subfields |
| LEADER |
00000cam a2200000 i 4500 |
| 001 |
in00000044940 |
| 005 |
20151007065136.0 |
| 008 |
761213s1961 enka b 00110 eng d |
| 035 |
|
|
|a (OCoLC)02618553
|
| 035 |
|
|
|9 AAE1372AM
|
| 040 |
|
|
|a YSM
|c YSM
|d TXA
|d UtOrBLW
|
| 049 |
|
|
|a TXAM
|c [346166]
|
| 090 |
|
|
|a SB951
|b .W48 1961
|
| 092 |
|
|
|a 543.5
|b W521c, 1961
|
| 100 |
1 |
|
|a West, T. F.
|q (Trustham Frederick)
|
| 245 |
1 |
0 |
|a Chemical control of insects /
|c by T. F. West and J. Eliot Hardy.
|
| 250 |
|
|
|a 2d ed.
|
| 264 |
|
1 |
|a London :
|b Chapman & Hall,
|c 1961.
|
| 300 |
|
|
|a ix, 206 pages, 8 unnumbered leaves of plates :
|b illustrations ;
|c 26 cm.
|
| 336 |
|
|
|a text
|b txt
|2 rdacontent
|
| 337 |
|
|
|a unmediated
|b n
|2 rdamedia
|
| 338 |
|
|
|a volume
|b nc
|2 rdacarrier
|
| 504 |
|
|
|a Includes bibliographical references and indexes.
|
| 650 |
|
0 |
|a Insecticides.
|
| 700 |
1 |
|
|a Hardy, J. Eliot.
|
| 999 |
|
|
|a MARS
|
| 999 |
f |
f |
|s e64a3a38-1ae2-3399-9e3d-cc50bd743760
|i a5216536-d655-33c8-ab90-2bde34cb8ada
|t 0
|
| 952 |
f |
f |
|p ric
|a Texas A&M University
|b Rellis Campus
|c Joint Library Facility
|d Remote Storage
|t 0
|e SB951 .W48 1961
|h Library of Congress classification
|i unmediated -- volume
|m A14800939638
|
| 998 |
f |
f |
|a SB951 .W48 1961
|t 0
|l Remote Storage
|